[Event "Portugal Open Rapid 2017"]
[Site "masterchessopen.com Lisbon POR"]
[Date "2017.02.11"]
[Round "7.14"]
[White "Stahl,C"]
[Black "Fathallah,J"]
[Result "0-1"]
[WhiteElo "2167"]
[BlackElo "2003"]

1.e4 e6 2.Nf3 d5 3.e5 Bd7 4.a3 a6 5.b4 Bb5 6.d3 Nd7 7.a4 Bc6 8.c3 f6 9.d4 Be7
10.Bd3 f5 11.h4 b5 12.a5 Nf8 13.Nbd2 Nh6 14.Nb3 Ng4 15.Bg5 h6 16.Bxe7 Qxe7
17.Nc5 Nd7 18.Nxd7 Bxd7 19.Qd2 O-O-O 20.Ng1 h5 21.Nf3 Nh6 22.O-O-O Nf7 23.Rh3
Rdg8 24.Rg3 g6 25.Ng5 Nh6 26.Kb2 c6 27.Qf4 Kb7 28.Kb3 Rg7 29.Rf1 Be8 30.Be2
Bd7 31.Rg1 Be8 32.Qe3 Bd7 33.Rf3 Be8 34.Rf4 Bd7 35.f3 Nf7 36.Nxf7 Qxf7 37.g4
hxg4 38.fxg4 Rxh4 39.gxf5 Rxf4 40.Qxf4 gxf5 41.Rxg7 Qxg7 42.Qh4 Kc7 43.Bd1 Be8
44.Bc2 Kd7 45.Bd1 Bf7 46.Bc2 Bg8 47.Qh5 Bh7 48.Qh4 Qg6 49.Bd1 f4 50.Qxf4 Qb1+
51.Ka3 Qa1+ 52.Kb3 Qxd1+ 53.Ka3 Qa4+ 54.Kb2 Qc2+ 55.Ka3 Qxc3+ 56.Ka2 Qc2+
57.Ka3 Qa4+ 58.Kb2 Qxb4+ 59.Ka2 Qxa5+ 60.Kb2 Qb4+ 61.Ka2 Qe7 62.Qd2 b4 63.Qe2
a5 64.Qa6 Qd8 65.Qa7+ Qc7 66.Qa8 c5 67.Qf8 cxd4 68.Qf7+ Kc6 69.Qxe6+ Kb5
70.Qxd5+ Ka6 71.Qe6+ Ka7 72.Qb3 Qc2+ {#R} 0-1

[Event "Portugal Open Rapid 2017"]
[Site "masterchessopen.com Lisbon POR"]
[Date "2017.02.11"]
[Round "7.17"]
[White "Dias,Ricardo Pedro Cruz"]
[Black "Pereira,Ant2"]
[Result "0-1"]
[WhiteElo "2119"]
[BlackElo "2124"]

1.e4 e6 2.d4 d5 3.Nd2 c5 4.exd5 Qxd5 5.Ngf3 cxd4 6.Bc4 Qd7 7.O-O Nc6 8.Nb3 Nf6
9.Bb5 a6 10.Ne5 Qd5 11.Bxc6+ bxc6 12.Qxd4 Bb7 13.Be3 Qxg2+ 14.Kxg2 c5+ 15.Kg1
cxd4 16.Bxd4 Rc8 17.c4 h5 18.Na5 Ba8 19.a3 Bc5 20.Nb3 Bxd4 21.Nxd4 Ng4 22.Nxg4
Rxc4 23.Rac1 Rxd4 24.Rc8+ Ke7 {#R} 0-1

[Event "Portugal Open Rapid 2017"]
[Site "masterchessopen.com Lisbon POR"]
[Date "2017.02.11"]
[Round "7.19"]
[White "Ferreira,P"]
[Black "Leao,Tiago Miguel Da Silva"]
[Result "1-0"]
[WhiteElo "2016"]
[BlackElo "2044"]

1.d4 d5 2.Nc3 Nf6 3.Bf4 c6 4.Nf3 Bf5 5.e3 e6 6.Bd3 Bg6 7.a3 Bd6 8.Ne5 Qc7
9.O-O Nbd7 10.Nxg6 hxg6 11.Bxd6 Qxd6 12.f4 O-O-O 13.Qf3 Rh4 14.h3 Rdh8 15.Ne2
Ne8 16.c4 f5 17.c5 Qe7 18.b4 g5 19.fxg5 Qxg5 20.Qg3 Qxg3 21.Nxg3 g5 22.b5 Nb8
23.a4 Nf6 24.a5 Ne4 25.Nxe4 dxe4 26.Bc4 Kd7 27.a6 bxa6 28.bxc6+ Nxc6 29.Rxa6
g4 30.hxg4 fxg4 31.Kf2 Rh2 32.Kg3 R8h7 33.Bb5 {#r} 1-0

[Event "Portugal Open Rapid 2017"]
[Site "masterchessopen.com Lisbon POR"]
[Date "2017.02.11"]
[Round "8.2"]
[White "Iturrizaga,E"]
[Black "Gharamian,T"]
[Result "0-1"]
[WhiteElo "2652"]
[BlackElo "2624"]

1.Nf3 d5 2.c4 e6 3.g3 Nf6 4.Bg2 Be7 5.O-O O-O 6.b3 b6 7.Bb2 Bb7 8.e3 Nbd7
9.Qe2 c5 10.Nc3 Rc8 11.Rac1 Qc7 12.Rfd1 Qb8 13.h3 Rfd8 14.d3 Bf8 15.g4 h6
16.cxd5 Nxd5 17.Ne4 Nb4 18.a3 Nc6 19.g5 h5 20.g6 fxg6 21.Nh4 Ne7 22.Nxg6 Nxg6
23.Qxh5 Nge5 24.f4 Nf7 25.Rf1 Nh6 26.Ng5 Be7 27.Qg6 Bf6 28.Nxe6 Nf8 29.Nxf8
Rxf8 30.Rc2 Bxb2 31.Rxb2 Rf6 32.Qg5 Rd8 33.Be4 Nf7 34.Qg3 Nd6 35.Rg2 Qc7
36.Bxb7 Nxb7 37.e4 Rdf8 38.Rgf2 Na5 39.b4 Nc6 40.bxc5 bxc5 41.Kh2 Nd4 42.f5
Qxg3+ 43.Kxg3 Ra6 44.Ra2 Rb8 45.Rc1 Rb3 46.Rxc5 Raxa3 47.Rg2 Rxd3+ 48.Kf4 Rac3
49.Rd5 Nc6 50.f6 Rf3+ 51.Kg5 Rxf6 52.e5 Re6 53.Kf5 Re7 54.Rg6 Kh7 55.Rgd6 a5
56.e6 a4 57.Ke4 a3 58.Rd2 Nb4 59.R6d4 a2 {#R} 0-1

[Event "Portugal Open Rapid 2017"]
[Site "masterchessopen.com Lisbon POR"]
[Date "2017.02.11"]
[Round "8.4"]
[White "Annaberdiev,M"]
[Black "Kovalenko,I"]
[Result "1-0"]
[WhiteElo "2435"]
[BlackElo "2684"]

1.e4 c5 2.Nf3 d6 3.d4 cxd4 4.Nxd4 Nf6 5.Nc3 a6 6.Bg5 Nbd7 7.Qe2 g6 8.f4 Bg7
9.O-O-O O-O 10.h4 e5 11.fxe5 dxe5 12.Nb3 h6 13.Bxf6 Bxf6 14.h5 Bg5+ 15.Kb1 b5
16.g3 Qb6 17.Nd5 Qa7 18.Na5 Kg7 19.Bg2 Nf6 20.Nc6 Qc5 21.Ncb4 Nxh5 22.Nd3 Qd6
23.Qf2 Nf6 24.Nxf6 Qxf6 25.Qc5 Re8 26.Nb4 Bg4 27.Rd6 Qe7 28.Rf1 Rad8 29.Rc6
Qxc5 30.Rxc5 Rd2 31.Rc7 Re7 32.Rxe7 Bxe7 33.Nd5 Bg5 34.Bh1 a5 35.a3 Bd1 36.c3
Bc2+ 37.Ka2 Bd3 38.Re1 Bc4+ 39.Ka1 h5 40.Bf3 Rd3 41.Be2 Rxg3 42.Bxc4 bxc4
43.Nb6 h4 44.Nxc4 h3 45.Rh1 Bf4 46.Ka2 g5 47.Nd6 Rd3 48.Nf5+ Kg6 49.c4 h2
50.c5 Kf6 51.c6 Ke6 52.b4 a4 53.b5 Rb3 54.Rd1 f6 55.c7 Rc3 56.b6 Bc1 57.b7
{#r} 1-0

[Event "Portugal Open Rapid 2017"]
[Site "masterchessopen.com Lisbon POR"]
[Date "2017.02.11"]
[Round "8.5"]
[White "Guerreiro,Raul Jose Lopes"]
[Black "Guerreiro,N"]
[Result "1-0"]
[WhiteElo "2048"]
[BlackElo "2157"]

1.e4 Nc6 2.Nf3 Nf6 3.e5 Ng4 4.d4 d6 5.h3 Nh6 6.exd6 Qxd6 7.Bd3 Nf5 8.c3 e6
9.Nbd2 Be7 10.Nc4 Qd8 11.Ne3 Nxe3 12.Bxe3 Bf6 13.O-O O-O 14.Qc2 g6 15.Rad1 Ne7
16.Rfe1 b6 17.Be4 Rb8 18.Ne5 Bb7 19.Bxb7 Rxb7 20.Qe4 Rb8 21.Nc6 Nxc6 22.Qxc6
Qd6 23.Qxd6 cxd6 24.d5 e5 25.Kf1 Rfc8 26.Rc1 b5 27.Re2 Rc7 28.b3 Rbc8 29.Rec2
a6 30.Ke2 Be7 31.Kd3 Kf8 32.c4 b4 33.Bb6 Rb7 34.c5 dxc5 35.Bxc5 Bxc5 36.Rxc5
Rd8 37.Ke4 Re7 38.g4 f6 39.Rc6 Kf7 40.Rxa6 f5+ 41.gxf5 gxf5+ 42.Kxf5 Rxd5
43.Rf6+ Ke8 44.Ke4 Rd4+ 45.Ke3 Rh4 46.Rf3 Ra7 47.Rc5 Rh5 48.Rb5 Rxa2 49.Rxb4
Rc2 50.Rc4 Rb2 51.Rc3 Ke7 52.Ke4 Kd6 53.Rfd3+ Ke7 54.Rc7+ Ke6 55.Rc6+ Ke7
56.Rdc3 Re2+ 57.Kf3 Rb2 58.Kg4 {#r} 1-0

[Event "Portugal Open Rapid 2017"]
[Site "masterchessopen.com Lisbon POR"]
[Date "2017.02.11"]
[Round "8.6"]
[White "Ozer,Omer Faruk"]
[Black "Alvarez Marquez,J"]
[Result "1-0"]
[WhiteElo "2344"]
[BlackElo "2398"]

1.e4 c5 2.Nf3 d6 3.d4 cxd4 4.Nxd4 Nf6 5.Nc3 a6 6.Bg5 e6 7.Qe2 Nbd7 8.O-O-O Qc7
9.f4 Be7 10.g4 b5 11.Bg2 Bb7 12.e5 dxe5 13.fxe5 Nd5 14.Bxe7 Nxe7 15.Ndxb5 axb5
16.Nxb5 Qb6 17.Bxb7 Rxa2 18.c3 Nd5 19.Bxd5 exd5 20.Kb1 Qa5 21.e6 Nf6 22.Nd6+
Ke7 23.Nf5+ Kd8 24.e7+ Kd7 25.Qc4 Ra8 26.Rhe1 Ra1+ 27.Kc2 Rxd1 28.Rxd1 g6
29.g5 gxf5 30.gxf6 Ke6 31.Qc6+ {#r} 1-0

[Event "Portugal Open Rapid 2017"]
[Site "masterchessopen.com Lisbon POR"]
[Date "2017.02.11"]
[Round "8.7"]
[White "Indjic,A"]
[Black "Pereira,Ant2"]
[Result "1-0"]
[WhiteElo "2560"]
[BlackElo "2124"]

1.d4 e6 2.c4 d5 3.Nc3 Be7 4.Nf3 Nf6 5.Bg5 h6 6.Bh4 O-O 7.e3 Ne4 8.Bxe7 Qxe7
9.cxd5 Nxc3 10.bxc3 exd5 11.Qb3 Be6 12.Be2 c5 13.O-O Nc6 14.Rab1 b6 15.Qa4 Na5
16.Ne5 Rfc8 17.Bd3 cxd4 18.cxd4 Rc3 19.Ba6 Qc7 20.Qb4 Bc8 21.Bd3 Be6 22.Rfd1
Re8 23.Ba6 Bf5 24.Ra1 Rc2 25.Qb5 Re7 26.Qxd5 Bc8 27.Bd3 Bb7 28.Qb5 Rc3 29.Qb2
Qc8 30.Bf5 Qxf5 31.Qxc3 Qg5 32.e4 Bxe4 33.Qg3 Qf5 34.Rac1 f6 35.Nc4 Nxc4
36.Rxc4 Bd5 37.Rcc1 Bxa2 38.Re1 Re4 39.h3 Bd5 40.Rxe4 Qxe4 41.Rc7 Bf7 42.Qe3
Qxe3 43.fxe3 b5 44.Rxa7 b4 45.Rb7 b3 46.Kf2 Bd5 47.Rb5 Bc4 48.Rb4 Bd5 49.Rb5
Bc4 50.Rb8+ Kf7 51.e4 Bd3 52.Rxb3 Bxe4 53.g3 Ke6 54.Ke3 Bg2 55.h4 g5 56.Rb5
Bd5 57.Rb6+ Kf5 58.Rb5 Ke6 59.Ra5 Bb7 60.Ra7 Bd5 61.Rh7 Ba2 62.Rxh6 Kf5 63.h5
Kg4 64.Rxf6 Kxh5 65.Rf5 Kg4 66.Re5 Bb3 67.d5 Ba4 68.d6 Bc6 69.Kf2 {#r} 1-0

[Event "Portugal Open Rapid 2017"]
[Site "masterchessopen.com Lisbon POR"]
[Date "2017.02.11"]
[Round "8.9"]
[White "Rocha,S"]
[Black "Costa,Pa"]
[Result "1-0"]
[WhiteElo "2378"]
[BlackElo "2114"]

1.d4 Nf6 2.c4 e6 3.Nf3 Bb4+ 4.Nbd2 d5 5.e3 O-O 6.Bd3 c5 7.cxd5 exd5 8.O-O Nc6
9.a3 Bxd2 10.Bxd2 cxd4 11.exd4 Bg4 12.Be3 Ne4 13.Rc1 Qf6 14.Be2 Rac8 15.b4 Ne7
16.Ne5 Bxe2 17.Qxe2 Qe6 18.Qb5 Nd6 19.Qa4 f6 20.Nd7 Rxc1 21.Rxc1 Rc8 22.Nc5
Qf5 23.Qxa7 Nc6 24.Qa4 b6 25.Nb3 Nc4 26.h3 Qd3 27.Qb5 Ne7 28.Nd2 Qxa3 29.Nxc4
dxc4 30.Rxc4 Rxc4 {#r} 1-0

[Event "Portugal Open Rapid 2017"]
[Site "masterchessopen.com Lisbon POR"]
[Date "2017.02.11"]
[Round "8.10"]
[White "Strugnell,C"]
[Black "Ferreira,P"]
[Result "1-0"]
[WhiteElo "2255"]
[BlackElo "2016"]

1.e4 c5 2.Nf3 a6 3.Nc3 Nc6 4.d4 cxd4 5.Nxd4 d6 6.Bc4 e6 7.Be3 Nf6 8.f3 Bd7
9.Qe2 Rc8 10.Bb3 Be7 11.O-O-O Qc7 12.Kb1 Na5 13.g4 O-O 14.h4 b5 15.Rc1 Nc4
16.h5 Nxb2 17.Ncxb5 axb5 18.Kxb2 d5 19.Rcd1 dxe4 20.Kb1 Nd5 21.Bxd5 exd5 22.g5
Qa5 23.Nb3 Qa4 24.Rd4 Rc4 25.Rxd5 Be6 26.Re5 exf3 27.Qxf3 Ra8 28.Rh2 Qxa2+
29.Kc1 Rac8 30.Bc5 Bxc5 31.Rxc5 R4xc5 32.Nxc5 Qa1+ 33.Kd2 Rxc5 34.Re2 Qd4+
35.Ke1 Qg1+ 36.Kd2 Rd5+ 37.Qxd5 h6 38.Qd8+ Kh7 39.g6+ fxg6 40.Rxe6 Qf2+ 41.Re2
Qf4+ 42.Ke1 Qc1+ 43.Qd1 Qg5 44.hxg6+ Kxg6 45.Qd3+ Kf7 46.Qf3+ Kg8 47.Re8+ Kh7
48.Qe4+ {#r} 1-0

[Event "Portugal Open Rapid 2017"]
[Site "masterchessopen.com Lisbon POR"]
[Date "2017.02.11"]
[Round "8.11"]
[White "Derakhshani,D"]
[Black "Rego,P"]
[Result "0-1"]
[WhiteElo "2373"]
[BlackElo "2232"]

1.e4 e5 2.Nf3 Nc6 3.d4 exd4 4.Nxd4 Nf6 5.Nc3 Bb4 6.Nxc6 bxc6 7.Bd3 d5 8.exd5
cxd5 9.O-O O-O 10.Bg5 c6 11.Qf3 h6 12.Bxf6 Qxf6 13.Qxf6 gxf6 14.Ne2 Bd6 15.Nd4
Bd7 16.Bf5 c5 17.Bxd7 cxd4 18.Rad1 Bc5 19.b4 Bb6 20.a4 Rfd8 21.Bc6 Rac8 22.b5
a6 23.Bb7 Rxc2 24.Bxa6 Re8 25.Bb7 d3 26.Bxd5 d2 27.Kh1 Rb2 28.f4 Ba5 29.g4 Re1
30.Kg2 Rc2 31.Bb3 Rc1 32.h4 Kf8 33.Kf2 Bb6+ 34.Kg2 Ke7 35.f5 Re2+ 36.Kg3 Rc3+
37.Rf3 Bc7+ {#R} 0-1

[Event "Portugal Open Rapid 2017"]
[Site "masterchessopen.com Lisbon POR"]
[Date "2017.02.11"]
[Round "8.12"]
[White "Fathallah,J"]
[Black "Pires,E"]
[Result "0-1"]
[WhiteElo "2003"]
[BlackElo "2128"]

1.d4 Nf6 2.c4 e5 3.dxe5 Ng4 4.Nf3 Nc6 5.Bf4 f6 6.e3 Bb4+ 7.Nbd2 O-O 8.h3 Ngxe5
9.Be2 d6 10.a3 Bxd2+ 11.Qxd2 Ng6 12.Bg3 Be6 13.O-O a5 14.Nd4 Nxd4 15.exd4 f5
16.d5 Bd7 17.Bd3 f4 18.Bxg6 fxg3 19.Bc2 Qh4 20.fxg3 Qxg3 21.Qd3 Qxd3 22.Bxd3
g6 23.Rxf8+ Rxf8 24.Re1 Rf7 25.b4 axb4 26.axb4 b6 27.c5 Bf5 28.Bc4 Kf8 29.g4
Bc8 30.cxb6 cxb6 31.Re4 g5 32.Kg2 h6 33.Bb5 Re7 34.Kf3 Rxe4 35.Kxe4 Ke7 36.Bc6
Kf6 37.Be8 Bb7 38.Bc6 Ba6 39.b5 Bc8 40.Be8 Ke7 41.Bc6 Kf7 42.Kd4 h5 43.gxh5
Bxh3 44.Ke4 Kf6 45.Be8 Bg2+ 46.Kd4 Bf1 47.Bd7 Bg2 48.Be8 g4 49.Bd7 Kg5 50.h6
Kxh6 51.Bxg4 Kg5 52.Bd7 Kf4 53.Bc8 Bf3 54.Bd7 Be2 55.Be8 Bf3 56.Bd7 Bg2 57.Be8
Kf3 58.Bh5+ Kf2 59.Bf7 Ke2 60.Bg6 Kd2 61.Be8 Kc2 62.Bg6+ Kb3 63.Bd3 Kb4 64.Be2
Bh3 65.Bc4 Bd7 66.Bd3 Bxb5 67.Bf5 Be8 68.Bh7 b5 69.Bf5 Kb3 70.Bh7 b4 71.Ke4
Bf7 72.Kd4 Kb2 73.Bd3 b3 74.Kc4 Ka2 75.Be4 b2 76.Kb5 Ka3 77.Kc6 Bh5 78.Kxd6
Bf3 79.Bf5 Kb4 80.Ke6 Bg4 81.d6 Bxf5+ 82.Ke5 {#R} 0-1

[Event "Portugal Open Rapid 2017"]
[Site "masterchessopen.com Lisbon POR"]
[Date "2017.02.11"]
[Round "8.13"]
[White "Santos,JoseAl"]
[Black "Guimaraes,R"]
[Result "1-0"]
[WhiteElo "2193"]
[BlackElo "2126"]

1.e4 c5 2.c3 d5 3.exd5 Qxd5 4.d4 Nc6 5.Nf3 Bg4 6.dxc5 Qxd1+ 7.Kxd1 e5 8.b4 e4
9.h3 Bh5 10.g4 Bg6 11.Nh4 a5 12.Bb5 axb4 13.Bxc6+ bxc6 14.cxb4 Nf6 15.Bb2 Rb8
16.a3 Nd5 17.Kc2 e3+ 18.Nxg6 hxg6 19.Nc3 exf2 20.Nxd5 cxd5 21.Raf1 f6 22.Rxf2
Kd7 23.Rf3 Re8 24.Rh2 Kc6 25.Rd2 Be7 26.Rfd3 Rd8 27.Re2 Rd7 28.Re6+ Kc7 29.b5
Rc8 30.c6 Kb6 31.Bd4+ Kxb5 32.Rb3+ Ka4 33.Kb2 Rdc7 34.Rc3 Rb8+ 35.Ka2 Bf8
36.Bc5 Bxc5 37.Rxc5 Rb5 38.Rc3 Ka5 39.Re8 Kb6 40.Rb8+ Ka6 41.Ra8+ Kb6 42.a4
Ra5 43.Rb3+ {#r} 1-0

[Event "Portugal Open Rapid 2017"]
[Site "masterchessopen.com Lisbon POR"]
[Date "2017.02.11"]
[Round "8.21"]
[White "Leao,Tiago Miguel Da Silva"]
[Black "Rodriguez,Juan Talavera"]
[Result "1-0"]
[WhiteElo "2044"]
[BlackElo "2007"]

1.e4 e5 2.Nf3 Nc6 3.d4 exd4 4.Bc4 Bc5 5.c3 Nf6 6.cxd4 Bb4+ 7.Bd2 Bxd2+ 8.Nbxd2
d5 9.exd5 Nxd5 10.O-O O-O 11.Ne4 Bg4 12.h3 Bxf3 13.Qxf3 Nb6 14.Bd3 Nxd4 15.Qg3
Nf5 16.Qf3 Nh4 17.Qg3 Ng6 18.Rfd1 f5 19.Bc4+ Nxc4 20.Rxd8 Raxd8 21.Ng5 Rd6
22.Qb3 Ne5 23.f4 Rb6 24.Qd1 Nf7 25.Nxf7 Rxf7 26.Qd8+ Rf8 27.Qd5+ Kh8 28.Qxc4
Rxb2 29.Qxc7 h6 30.Rd1 Rf6 31.Rd6 Rb6 32.Rxf6 Rxf6 33.Qxb7 a6 34.Kf2 Kh7
35.Qd7 h5 36.Ke3 Kh6 37.Kd4 Kg6 38.Qe8+ Kh6 39.Ke5 a5 40.Qb5 h4 41.Qxa5 Kh5
42.Qc7 Kg6 43.Qd7 Kh5 44.Qxf5+ Rxf5+ 45.Kxf5 g5 46.a4 {#r} 1-0

[Event "19th Lienz Open 2017"]
[Site "masterchessopen.com Lienz AUT"]
[Date "2017.02.11"]
[Round "1.1"]
[White "Romanov,E"]
[Black "Unterreiner,M"]
[Result "1-0"]
[WhiteElo "2644"]
[BlackElo "2138"]

1.Nf3 d5 2.d4 Nf6 3.Bf4 g6 4.e3 Bg7 5.Nbd2 O-O 6.b4 Bf5 7.h3 Nc6 8.g4 Be4 9.c3
e5 10.dxe5 Nd7 11.Nxe4 dxe4 12.Nd2 a5 13.b5 Ncxe5 14.Nxe4 f5 15.gxf5 gxf5
16.Ng5 Nc5 17.Bxe5 Bxe5 18.Bc4+ Kh8 19.Qh5 Bxc3+ 20.Ke2 Qe7 21.Bf7 Rxf7
22.Nxf7+ Kg7 23.Rhg1+ Kf8 24.Qxf5 Ne4 25.Nh6+ Nf6 26.Rg8# 1-0

[Event "19th Lienz Open 2017"]
[Site "masterchessopen.com Lienz AUT"]
[Date "2017.02.11"]
[Round "1.2"]
[White "Astengo,C"]
[Black "Agdestein,S"]
[Result "0-1"]
[WhiteElo "2136"]
[BlackElo "2602"]

1.e4 e5 2.Nf3 Nc6 3.d4 exd4 4.Bc4 Nf6 5.e5 Ne4 6.O-O d5 7.exd6 Nxd6 8.Re1+ Be7
9.Bd5 Nf5 10.Be4 O-O 11.Nbd2 a5 12.a3 a4 13.Nf1 Bf6 14.Qd3 g6 15.Bf4 Be6
16.Rad1 Na5 17.Qb5 Nd6 18.Bxd6 Qxd6 19.Qxa4 Bd7 20.Qb4 c5 21.Qd2 Nc4 22.Qc1
Qb6 23.b3 Nxa3 24.Ng3 Nb5 25.Nh5 Nc3 26.Qh6 Nxe4 27.Rxe4 gxh5 28.Re5 Bg4
29.Ng5 Bxg5 30.Qxb6 Bd8 31.Qxb7 Bxd1 32.Qe4 Bf6 33.f4 Bxe5 34.Qxe5 h6 35.Qxc5
Rfd8 36.Qc6 Kg7 37.Qc5 Rac8 38.Qe5+ Kg8 39.f5 Bxc2 40.Qf6 Rd5 41.Qxh6 Rxf5
42.Qd6 Be4 {#R} 0-1

[Event "19th Lienz Open 2017"]
[Site "masterchessopen.com Lienz AUT"]
[Date "2017.02.11"]
[Round "1.3"]
[White "Sebenik,M"]
[Black "Poenisch,Ec"]
[Result "1-0"]
[WhiteElo "2534"]
[BlackElo "2130"]

1.c4 f5 2.g3 Nf6 3.Nf3 d6 4.d4 c6 5.Bg2 Qc7 6.Nc3 e5 7.O-O Be7 8.d5 a5 9.e4
O-O 10.exf5 Bxf5 11.h3 Na6 12.g4 Bd7 13.Be3 Kh8 14.Rc1 Rae8 15.Nd2 Qb8 16.g5
Ng8 17.Nde4 c5 18.Nb5 Rd8 19.Qd2 b6 20.f4 exf4 21.Bxf4 Bxb5 22.cxb5 Nc7 23.a4
Qc8 24.Rcd1 Qd7 25.Qe3 Rf5 26.Ng3 Rf7 27.Nh5 Bf8 28.Qd3 Re8 29.Ng3 Be7 30.g6
hxg6 31.Qxg6 Rf6 32.Qh5+ Nh6 33.Ne4 Rf5 34.Qg6 Nf7 35.Qg4 Rd8 36.Ng3 Rf6
37.Qh5+ Kg8 38.Be4 Nh6 39.Bxh6 gxh6 40.Bf5 Qe8 41.Qg4+ Kh8 42.Nh5 Rf7 43.Bg6
Rxf1+ 44.Rxf1 Bg5 {#r} 1-0

[Event "19th Lienz Open 2017"]
[Site "masterchessopen.com Lienz AUT"]
[Date "2017.02.11"]
[Round "1.4"]
[White "Bachlechner,Julian"]
[Black "Esen,B"]
[Result "0-1"]
[WhiteElo "2119"]
[BlackElo "2528"]

1.d4 Nf6 2.Bg5 e6 3.Nf3 c5 4.e3 cxd4 5.exd4 b6 6.Bd3 Be7 7.O-O Bb7 8.Nbd2 d6
9.c3 Nbd7 10.Qe2 a6 11.Ne4 Nxe4 12.Bxe4 Bxe4 13.Qxe4 O-O 14.Bxe7 Qxe7 15.Rfe1
Nf6 16.Qd3 b5 17.a4 Qb7 18.axb5 axb5 19.h3 h6 20.Nd2 Qc6 21.Nb3 Nd5 22.g3 Ra4
23.Na5 Qb6 24.Rxa4 bxa4 25.Nc4 Qa6 26.Ra1 Rc8 27.b3 Nb6 28.Qf1 d5 29.Nxb6 Qxb6
30.bxa4 Rxc3 31.Qd1 Qa5 32.Qe1 Qb4 33.a5 Qxd4 34.a6 Rc7 35.Qa5 Ra7 36.Rc1 e5
37.Rc5 Qd1+ 38.Kg2 e4 39.Rxd5 Qf3+ 40.Kg1 e3 41.fxe3 Qxg3+ 42.Kf1 Qf3+ 43.Kg1
Qxe3+ 44.Kh2 Qf2+ 45.Kh1 Qf1+ 46.Kh2 Rxa6 47.Qd8+ Kh7 48.Rd2 Ra3 49.Qd7 Qf4+
50.Kh1 Ra1+ 51.Kg2 Qf1+ 52.Kg3 Qg1+ 53.Kf3 Ra3+ 54.Ke4 Qe3+ 55.Kf5 Qg5+ 56.Ke4
Re3+ 57.Kd4 Qe5+ 58.Kc4 Rc3+ {#R} 0-1

[Event "19th Lienz Open 2017"]
[Site "masterchessopen.com Lienz AUT"]
[Date "2017.02.11"]
[Round "1.5"]
[White "Schreiner,Pe"]
[Black "Prantl,D"]
[Result "1-0"]
[WhiteElo "2494"]
[BlackElo "2055"]

1.d4 Nf6 2.c4 e6 3.Nf3 c5 4.d5 b5 5.dxe6 fxe6 6.cxb5 d5 7.g3 Bd6 8.Bg2 Bb7
9.O-O e5 10.e4 Nxe4 11.Nxe5 O-O 12.Nc6 Bxc6 13.bxc6 Be5 14.c7 Bxc7 15.Nc3 Nf6
16.Nxd5 Nbd7 17.Nxc7 Qxc7 18.Bf4 Qb6 19.Bxa8 Rxa8 20.Qb3+ Kf8 21.Rfd1 Qxb3
22.axb3 h6 23.h4 Kf7 24.Ra6 Nb6 25.Rda1 Re8 26.Rxa7+ Kg6 27.Be3 {#r} 1-0

[Event "19th Lienz Open 2017"]
[Site "masterchessopen.com Lienz AUT"]
[Date "2017.02.11"]
[Round "1.7"]
[White "Sanal,V"]
[Black "Rozman,Monika"]
[Result "1-0"]
[WhiteElo "2475"]
[BlackElo "2096"]

1.Nf3 f5 2.d3 Nf6 3.Nc3 d5 4.Bf4 e6 5.e4 Bb4 6.exf5 O-O 7.a3 Bxc3+ 8.bxc3 exf5
9.Be2 c5 10.O-O Nc6 11.Ne5 Nxe5 12.Bxe5 Be6 13.Bf3 Qd7 14.Re1 Rac8 15.a4 b6
16.Qd2 Qf7 17.h3 Kh8 18.Qf4 Nd7 19.Bd6 Rfe8 20.Re3 h6 21.Qh4 Kh7 22.Rae1 g5
23.Qh5 Qg8 24.Bxd5 Nf6 25.Bxe6 Rxe6 26.Qf3 Rxd6 27.Qxf5+ Kh8 28.Re6 Rxe6
29.Rxe6 Nh7 30.Rg6 Qe8 31.Rxh6 Rc7 32.Qf6+ Rg7 33.Qf5 Kg8 34.a5 Re7 35.d4 Re1+
36.Kh2 Qb8+ 37.g3 Qb7 38.d5 Re7 39.Rg6+ Kh8 40.Rc6 Re8 41.a6 Qg7 42.d6 Qf8
43.d7 Rd8 44.Qe5+ Qg7 45.Qe8+ Qf8 46.Qxd8 Qxd8 47.Rc8 {#r} 1-0

[Event "19th Lienz Open 2017"]
[Site "masterchessopen.com Lienz AUT"]
[Date "2017.02.11"]
[Round "1.8"]
[White "Zoernpfenning,S"]
[Black "Kaasen,Tor Fredrik"]
[Result "0-1"]
[WhiteElo "2088"]
[BlackElo "2468"]

1.e4 e6 2.d4 d5 3.exd5 exd5 4.Bd3 Nc6 5.c3 Bd6 6.Ne2 Nge7 7.Bf4 Bg4 8.Qd2 O-O
9.O-O Re8 10.Bxd6 Qxd6 11.Na3 Ng6 12.Rfe1 Qf6 13.h3 Bxe2 14.Bxg6 Ba6 15.Bd3
Bxd3 16.Qxd3 Ne7 17.Re3 Nf5 18.Rf3 g6 19.Nc2 Qb6 20.b3 Qd6 21.Qd2 Re4 22.Rd3
Rae8 23.Re1 Qe7 24.Kf1 Qf6 25.Kg1 Qa6 26.g4 Nh4 27.Rde3 Qxa2 28.Qd3 Rxe3
29.Rxe3 Qb1+ 30.Ne1 Nf3+ 31.Kh1 Rxe3 {#R} 0-1

[Event "19th Lienz Open 2017"]
[Site "masterchessopen.com Lienz AUT"]
[Date "2017.02.11"]
[Round "1.9"]
[White "Diermair,A"]
[Black "Giese,Tilman"]
[Result "1-0"]
[WhiteElo "2465"]
[BlackElo "2081"]

1.d4 Nf6 2.c4 g6 3.Nc3 Bg7 4.e4 d6 5.Nf3 O-O 6.Be2 Nbd7 7.O-O e5 8.Be3 c6 9.d5
Qe7 10.b4 Ng4 11.Bg5 f6 12.dxc6 bxc6 13.Bh4 Nb6 14.Nd2 h5 15.Nb3 d5 16.c5 d4
17.Nb1 Nd7 18.Na5 Nb8 19.Nd2 Be6 20.Bc4 Kh7 21.h3 Nh6 22.Bg3 Nf7 23.Qb3 Bh6
24.f4 Bd7 25.Qd3 Kg7 26.Kh1 Be6 27.Rae1 Qd7 28.fxe5 Nxe5 29.Bxe5 fxe5 30.Rxf8
Kxf8 31.Rf1+ Kg7 32.Nf3 Qe7 33.Nxe5 Be3 34.Nf3 Bxc4 35.Nxc4 {#r} 1-0

[Event "19th Lienz Open 2017"]
[Site "masterchessopen.com Lienz AUT"]
[Date "2017.02.11"]
[Round "1.10"]
[White "Diotallevi,M"]
[Black "Tratar,M"]
[Result "0-1"]
[WhiteElo "2066"]
[BlackElo "2458"]

1.d4 e6 2.Nf3 Nf6 3.c4 Bb4+ 4.Bd2 a5 5.e3 b6 6.a3 Bxd2+ 7.Nbxd2 Bb7 8.Bd3 d6
9.O-O Nbd7 10.Qc2 a4 11.Ne4 Ra5 12.Nc3 O-O 13.e4 Qa8 14.Rfe1 h6 15.Nb5 Ne8
16.Nd2 c6 17.Nc3 e5 18.d5 Nc5 19.f3 Nf6 20.Bf1 Rc8 21.Qd1 Qb8 22.Rc1 Ra8
23.Qe2 Rc7 24.Qe3 Qd8 25.Be2 Bc8 26.Na2 Bd7 27.Nb4 Ne8 28.Bd1 cxd5 29.Nxd5 Rb7
30.Nb1 b5 31.cxb5 Rxb5 32.Nb4 Rab8 33.Nc3 R5b7 34.Bc2 Qg5 35.Qxg5 hxg5 36.Red1
g4 37.Kf2 Ra8 38.Ncd5 gxf3 39.gxf3 Be6 40.Nc3 Kf8 41.Ke3 Rb6 42.Rd2 Nf6 43.Rg1
g6 44.Bd1 Ke7 45.Nd3 Nfd7 46.Nb4 Nf6 47.Rgg2 Kf8 48.Rg1 Ne8 49.Nd3 Nb3 50.Bxb3
Bxb3 51.Rgg2 Nc7 52.Nb4 Ne6 53.Nbd5 Rb7 54.Nb4 Nf4 55.Rgf2 Rb6 56.Ne2 Nxe2
57.Rfxe2 Rc8 58.Re1 Ke7 59.Rg1 Ke6 60.Rf1 Rb7 61.Rg1 Rbc7 62.Re1 Rc1 63.Rxc1
Rxc1 64.Nd3 Rc8 65.Nb4 f6 66.Kf2 f5 67.Ke3 Rh8 68.Rg2 Kf7 69.Kf2 Rc8 70.Ke3
Rc1 71.Rd2 Ke6 72.Nd3 Rh1 73.Rg2 Kf6 74.Kd2 d5 75.exd5 Bxd5 76.Rf2 Bxf3
77.Rxf3 e4 78.Rf2 exd3 79.Kxd3 g5 80.Ke3 f4+ 81.Kf3 Kf5 82.Rc2 g4+ 83.Kg2 Re1
84.Kf2 Rd1 85.Re2 Rh1 {#R} 0-1

[Event "19th Lienz Open 2017"]
[Site "masterchessopen.com Lienz AUT"]
[Date "2017.02.11"]
[Round "1.12"]
[White "Petersson,Baldur Teodor"]
[Black "Hauge,Lars Oskar"]
[Result "0-1"]
[WhiteElo "2052"]
[BlackElo "2450"]

1.e4 e6 2.b3 d5 3.Bb2 dxe4 4.Nc3 Nf6 5.Qe2 Be7 6.g4 Nc6 7.Nxe4 Nxe4 8.Qxe4 Bf6
9.O-O-O Bxb2+ 10.Kxb2 O-O 11.d4 f5 12.gxf5 exf5 13.Bc4+ Kh8 14.Qd5 Qxd5
15.Bxd5 Ne7 16.Bg2 Ng6 17.Nh3 f4 18.Ng5 f3 19.Bxf3 h6 20.Be4 Nh4 21.Nh7 Rf4
22.Rde1 Bf5 23.Bxf5 Nxf5 {#R} 0-1

[Event "Elite Hotels Vaxjo Open"]
[Site "masterchessopen.com Vaxjo SWE"]
[Date "2017.02.11"]
[Round "5.3"]
[White "Hillarp Persson,T"]
[Black "Akesson,R"]
[Result "0-1"]
[WhiteElo "2512"]
[BlackElo "2420"]

1.c4 c5 2.g3 Nf6 3.Bg2 Nc6 4.Nf3 b6 5.d4 cxd4 6.Nxd4 Bb7 7.Nc3 g6 8.b3 Bg7
9.O-O O-O 10.Bb2 Rc8 11.Rc1 d6 12.Qd2 Nd7 13.Nxc6 Bxc6 14.Bxc6 Rxc6 15.Nd5
Bxb2 16.Qxb2 Nc5 17.Rfd1 f5 18.Qd2 e6 19.f3 Rf7 20.Nf4 a5 21.Kg2 Qf6 22.h4 Rd7
23.Rc2 Rc8 24.Qe3 Kf7 25.Rcd2 Rcd8 26.a3 Qe5 27.Qxe5 dxe5 28.Rxd7+ Nxd7 29.Nd3
Rc8 30.Kf2 Ke7 31.Rc1 Nc5 32.Rc3 Kd6 33.Ke3 h6 34.b4 Nd7 35.Rc1 g5 36.hxg5
hxg5 37.Nb2 axb4 38.axb4 Ra8 39.Rd1+ Ke7 40.Nd3 Ra3 41.Kd2 e4 42.fxe4 fxe4
43.Nb2 Rxg3 44.Ra1 Ne5 45.Ra7+ Kf6 46.Rc7 g4 47.Nd1 Rb3 48.b5 g3 49.Rc8 g2
{#R} 0-1